[Event "SVK-chT2D 0506"]
[Site "Slovakia"]
[Date "2005.12.17"]
[Round "5.4"]
[White "Pribula, Frantisek"]
[Black "Koval, Michal"]
[Result "1/2-1/2"]
[WhiteElo "2069"]
[BlackElo "2083"]
[PlyCount "108"]
[EventDate "2005.10.22"]
[EventType "tourn"]
[EventRounds "11"]
[EventCountry "SVK"]
[SourceTitle "EXT 2009"]
[Source "ChessBase"]
[SourceDate "2008.11.26"]
[SourceVersion "1"]
[SourceVersionDate "2008.11.26"]
[SourceQuality "1"]

1. c4 c5 2. Nc3 Nc6 3. g3 g6 4. Bg2 Bg7 5. e4 e6 6. Nge2 Nge7 7. d3 a6 8. 0-0 0-0 9. Be3 Nd4 10. f4 d6 11. Qd2 Nec6 12. Rab1 Rb8 13. a3 b5 14. cxb5 axb5 15. b4 cxb4 16. axb4 Qd7 17. Nxd4 Nxd4 18. Ne2 Nxe2+ 19. Qxe2 Bb7 20. Rfc1 Rfc8 21. Qf2 Ra8 22. Bd4 e5 23. Bb6 d5 24. fxe5 Bxe5 25. d4 Bg7 26. e5 Ra6 27. Rxc8+ Qxc8 28. Bc5 Qe6 29. Rf1 Ra3 30. Bh3 Qe8 31. Qb2 Ra6 32. Qf2 Bc6 33. Bg2 Qe6 34. Qf4 Ra8 35. Rc1 Rc8 36. Qf1 Bd7 37. Ra1 Qc6 38. Ra7 Ra8 39. Qa1 Rxa7 40. Qxa7 h5 41. Qb8+ Kh7 42. Qd8 Be6 43. Bf1 Bh6 44. Qa5 Bd7 45. Qa7 Qe6 46. h3 Qf5 47. Qa3 Qe4 48. Qd3 Be3+ 49. Kh2 Qf3 50. Qe2 Qe4 51. Qg2 Qxg2+ 52. Kxg2 Bg5 53. Kf3 Bd2 54. Ke2 Bg5 1/2-1/2

[Event "SVK-chT1E 0506"]
[Site "Slovakia"]
[Date "2005.11.05"]
[Round "3"]
[White "Koval, Michal"]
[Black "Trebula, Jozef"]
[Result "0-1"]
[WhiteElo "2083"]
[BlackElo "2046"]
[PlyCount "62"]
[EventDate "2005.10.15"]
[EventType "team-tourn"]
[EventRounds "11"]
[EventCountry "SVK"]
[SourceTitle "EXT 2009"]
[Source "ChessBase"]
[SourceDate "2008.11.26"]
[SourceVersion "1"]
[SourceVersionDate "2008.11.26"]
[SourceQuality "1"]

1. e4 e6 2. d4 d5 3. Nd2 Nf6 4. e5 Nfd7 5. Bd3 c5 6. c3 Nc6 7. Ne2 cxd4 8. cxd4 Qb6 9. Nf3 f6 10. exf6 Nxf6 11. 0-0 Bd6 12. Re1 0-0 13. Nc3 a6 14. a3 Bd7 15. Be3 Be8 16. Bg5 Bh5 17. Rxe6 Nxd4 18. Bxf6 Nxf3+ 19. gxf3 Bxh2+ 20. Kg2 Qxe6 21. Nxd5 Bd6 22. Bc4 Kh8 23. Bxg7+ Kxg7 24. Nf4 Qe5 25. Nxh5+ Qxh5 26. Qd4+ Qe5 27. Qh4 Qf4 28. Qh3 Qxc4 29. Rh1 Qd3 30. Qh6+ Kg8 31. Qe6+ Rf7 0-1

[Event "SVK-chT1E 0506"]
[Site "Slovakia"]
[Date "2005.10.16"]
[Round "2"]
[White "Koval, Michal"]
[Black "Zvarik, Martin"]
[Result "0-1"]
[WhiteElo "2083"]
[BlackElo "2095"]
[PlyCount "56"]
[EventDate "2005.10.15"]
[EventType "team-tourn"]
[EventRounds "11"]
[EventCountry "SVK"]
[SourceTitle "EXT 2009"]
[Source "ChessBase"]
[SourceDate "2008.11.26"]
[SourceVersion "1"]
[SourceVersionDate "2008.11.26"]
[SourceQuality "1"]

1. e4 e5 2. Nf3 Nc6 3. Bc4 Bc5 4. c3 Nf6 5. d3 d6 6. b4 Bb6 7. a4 a5 8. b5 Ne7 9. Nbd2 0-0 10. 0-0 Ng6 11. d4 exd4 12. cxd4 d5 13. exd5 Nxd5 14. Qb3 Nb4 15. Bb2 Bf5 16. Rac1 Nf4 17. Ne5 Qg5 18. Qf3 Bh3 19. g3 Ne6 20. Ne4 Qe7 21. Rfd1 Bxd4 22. Bxd4 Nxd4 23. Qh5 Qxe5 24. Ng5 Qxg5 25. Qxh3 Rad8 26. Qg2 c6 27. f4 Qf5 28. bxc6 Ndxc6 0-1

[Event "SVK-chT1E 0506"]
[Site "Slovakia"]
[Date "2005.10.15"]
[Round "1"]
[White "Koval, Michal"]
[Black "Hlavac, Peter"]
[Result "1-0"]
[WhiteElo "2083"]
[BlackElo "2078"]
[PlyCount "51"]
[EventDate "2005.10.15"]
[EventType "team-tourn"]
[EventRounds "11"]
[EventCountry "SVK"]
[SourceTitle "EXT 2009"]
[Source "ChessBase"]
[SourceDate "2008.11.26"]
[SourceVersion "1"]
[SourceVersionDate "2008.11.26"]
[SourceQuality "1"]

1. e4 c5 2. Nf3 d6 3. d4 cxd4 4. Nxd4 Nf6 5. Nc3 e6 6. Be2 Be7 7. Be3 a6 8. 0-0 Qc7 9. Kh1 b5 10. a3 Bb7 11. Bd3 Nbd7 12. f4 Nc5 13. Qf3 0-0 14. Rfe1 Rac8 15. Rad1 d5 16. e5 Nfe4 17. Bxe4 Nxe4 18. Nxe4 dxe4 19. Qg3 Bc5 20. f5 exf5 21. Nxf5 g6 22. Bg5 Rfe8 23. Nh6+ Kf8 24. Rf1 f5 25. Nxf5 Qxe5 26. Ne7+ 1-0